It looks like you're offline.
Open Library logo
additional options menu

MARC record from Internet Archive

LEADER: 02112cam 2200541 i 4500
001 ocm03706323
003 OCoLC
005 20221027205232.0
008 780213s1978 nyu 000 f eng
010 $a 78002410
040 $aDLC$beng$cDLC$dUKM$dOCL$dBTCTA$dOCLCG$dBDX$dYDXCP$dWIM$dOCLCQ$dOCLCO$dOCLCA$dOCLCF$dOCL$dOCLCQ$dUKMGB$dOCLCO
015 $aGB7822910$2bnb
016 7 $a012644297$2Uk
019 $a4263373$a16425666
020 $a0312118554
020 $a9780312118556
020 $a0709164580
020 $a9780709164586
035 $a(OCoLC)3706323$z(OCoLC)4263373$z(OCoLC)16425666
050 14 $aPS3566.A34$bC35 1978
082 04 $a813/.5/4$223
100 1 $aArcher, Dennis,$d1916-2001.
245 10 $aCannon's law /$cby Dennis Archer.
260 $aNew York :$bSt. Martin's Press,$c1978.
300 $a157 pages ;$c20 cm
336 $atext$btxt$2rdacontent
337 $aunmediated$bn$2rdamedia
338 $avolume$bnc$2rdacarrier
650 0 $a"Charley Cannon, Toby Martin, and Sam Sharpe are cowboys, not gun-slingers ; and common sense says they don't stand a chance when the time comes to have it out with Hudson Farley and his notorious troublemakers. What happens, however, has nothing to do with the laws of probability$xand has even less to do with the law according to Charley!"$xdust jacket flap.
650 0 $aCowboys$vFiction.
650 0 $aFiction in English.
650 6 $aCowboys$vRomans, nouvelles, etc.
650 7 $aCowboys.$2fast$0(OCoLC)fst00881986
653 $aFiction in English, 1900- Texts
655 0 $aWestern stories.
655 7 $aFiction.$2fast$0(OCoLC)fst01423787
655 7 $aWestern fiction.$2fast$0(OCoLC)fst01726776
938 $aBrodart$bBROD$n30693497$c$9.95
938 $aBaker and Taylor$bBTCP$n78002410 //r89
938 $aYBP Library Services$bYANK$n7726975
029 1 $aAU@$b000001139338
029 1 $aAU@$b000004108302
029 1 $aCBK$b052019659
029 1 $aNZ1$b2656980
029 1 $aUNITY$b052019659
029 1 $aUKMGB$b012644297
994 $aZ0$bGTX
948 $hNO HOLDINGS IN GTX - 143 OTHER HOLDINGS